载入...

NATO in transition the future of the Atlantic alliance

书目详细资料
主要作者: Stanley,Timothy .W
格式: Printed Book
语言:English
出版: New York Frederick A Praeger publishers 1965
主题:
LEADER 00541nam a22001577a 4500
003 OSt
008 100918t xxu||||| |||| 00| 0 eng d
080 |a 341.24  |b STA 
100 |a Stanley,Timothy .W  |9 16884 
245 |a NATO in transition  |b the future of the Atlantic alliance 
260 |a New York  |b Frederick A Praeger publishers  |c 1965 
300 |a 417p. 
653 |a International treaties 
942 |c BK  |6 _ 
999 |c 195245  |d 195245 
952 |0 0  |1 0  |4 0  |6 34124_STA  |7 0  |8 GEN  |9 251002  |a SLS  |b SLS  |d 2010-09-18  |o 341.24 STA  |p SLS009642  |r 2010-09-18  |t 1  |w 2010-09-18  |y BK